[Event "Wiesbaden op"]
[Site "Wiesbaden"]
[Date "1994.??.??"]
[Round "3"]
[White "Schnitzspan, Lothar"]
[Black "Christiansen, Larry Mark"]
[Result "1-0"]
[WhiteElo "2305"]
[BlackElo "2575"]

1.Nf3 c5 2.g3 Nc6 3.c4 Nf6 4.Nc3 d5 5.cxd5 Nxd5 6.Bg2 Nc7 7.O-O e5 8.d3 Be7
9.Be3 O-O 10.Rc1 f6 11.a3 Bd7 12.Nd2 Rb8 13.b4 cxb4 14.axb4 Kh8 15.Qb3 Be6
16.Nc4 Nxb4 17.Bxa7 b5 18.Bxb8 Qxb8 19.Nxb5 Nxb5 20.Qb2 Nd4 21.Rfd1 Bg4 22.Bf1 f5
23.Ne3 Bh5 24.Rb1 f4 25.Nd5 fxg3 26.hxg3 Qa7 27.Ra1 Qc5 28.Ne3 Ndc2 29.Rdc1 Rxf2
30.d4 exd4 31.Kxf2 dxe3+ 32.Kg1 h6 33.Ra8+ Kh7 34.Bg2 Qd4 35.Qb3 Bd8 36.Qe6 Bg6
37.Qc8 Qd2 38.Rf1 Nd4 39.Qxd8 Nxe2+ 40.Kh2 Qxd8 41.Rxd8 Nc3 42.Rff8 Bh5 43.Bh3  1-0

[Event "Wiesbaden op"]
[Site "Wiesbaden"]
[Date "1994.??.??"]
[Round "4"]
[White "Christiansen, Larry Mark"]
[Black "Mertens, Klaus"]
[Result "1-0"]
[WhiteElo "2575"]
[BlackElo "2190"]

1.d4 Nf6 2.c4 e6 3.Nf3 c5 4.Nc3 cxd4 5.Nxd4 Bb4 6.g3 Nc6 7.Bg2 O-O 8.O-O Bxc3
9.bxc3 Nxd4 10.cxd4 d5 11.Qb3 h6 12.Bf4 b6 13.Qa3 Qd7 14.Be5 Bb7 15.Bxf6 gxf6
16.cxd5 Bxd5 17.e4 Bc4 18.Rfd1 Rac8 19.Qf3 Qb5 20.Qxf6 Qg5 21.Qf3 Rfd8 22.h4 Qg7
23.Qe3 Rc7 24.Rac1 b5 25.e5 Rdc8 26.a3 a5 27.Qe1 a4 28.d5 Rc5 29.Qe3 exd5
30.Bxd5 Qf8 31.Bxc4 Rxc4 32.Rxc4 Rxc4 33.e6 Rc7 34.Rd7  1-0

[Event "Wiesbaden op"]
[Site "Wiesbaden"]
[Date "1994.??.??"]
[Round "5"]
[White "Berndt, Axel"]
[Black "Christiansen, Larry Mark"]
[Result "0-1"]
[WhiteElo "2240"]
[BlackElo "2575"]

1.e4 c5 2.c3 d6 3.d4 Nf6 4.Bd3 Qc7 5.Nf3 g6 6.O-O Bg7 7.Re1 O-O 8.h3 Nbd7
9.e5 Nd5 10.exd6 exd6 11.dxc5 Nxc5 12.Bxg6 fxg6 13.Qxd5+ Kh8 14.Bg5 Bxh3
15.Be7 Rf5 16.Qxd6 Qxd6 17.Bxd6 Nd3 18.Re3 Nxb2 19.Nbd2 Bg4 20.Rb1 Bxf3 21.Rxf3 Rd5
22.Rxb2 Rxd6 23.Ne4 Rd7 24.Nc5 Rd1+ 25.Kh2 b6 26.Ne6 Be5+ 27.g3 Re8 28.Ng5 Bg7
29.Rf7 h6 30.Nf3 Rf8 31.Rxf8+ Bxf8 32.Rd2 Rxd2 33.Nxd2 Kg7 34.f4 Kf6 35.Kg2 Ke6
36.c4 g5 37.fxg5 hxg5 38.Kf3 Ke5 39.Nb3 Ba3 40.g4 a5 41.Na1 a4 42.Nc2 Bc5
43.a3 Be7 44.Ne3 Bxa3  0-1

[Event "Antwerp op"]
[Site "Antwerp"]
[Date "1995.??.??"]
[Round "1"]
[White "Rabinovich, Alexander"]
[Black "Christiansen, Larry Mark"]
[Result "0-1"]
[WhiteElo "2255"]
[BlackElo "2590"]

1.d4 Nf6 2.c4 e6 3.Nc3 Bb4 4.Qc2 O-O 5.Bg5 c5 6.e3 h6 7.Bh4 cxd4 8.exd4 b6
9.a3 Be7 10.Bd3 Bb7 11.Nge2 d6 12.O-O Nbd7 13.b4 Nh5 14.Bxe7 Qxe7 15.Be4 Rab8
16.Bxb7 Rxb7 17.Qe4 Ndf6 18.Qf3 g6 19.Rac1 Rc8 20.Qd3 Rbc7 21.Nb5 Rc6 22.a4 a6
23.Na3 d5 24.c5 bxc5 25.bxc5 e5 26.Nc2 a5 27.Rfe1 Re6 28.Qb5 Ne4 29.Qxa5 Qg5
30.f3 Nd2 31.Qc3 Nc4 32.dxe5 Rxc5 33.Qd4 Nxe5 34.Qxc5 Nxf3+ 35.Kh1 Rxe2 36.Rg1 Ng3+  0-1

[Event "Antwerp op"]
[Site "Antwerp"]
[Date "1995.??.??"]
[Round "2"]
[White "Christiansen, Larry Mark"]
[Black "Van de Plassche, Bas"]
[Result "1-0"]
[WhiteElo "2590"]
[BlackElo "2325"]

1.c4 c5 2.Nf3 g6 3.d4 cxd4 4.Nxd4 Bg7 5.e4 Qb6 6.Nb3 Qe6 7.Bd3 f5 8.O-O fxe4
9.Nc5 Qe5 10.Nxe4 Nf6 11.Nxf6+ Qxf6 12.Nc3 Qf7 13.Nd5 Na6 14.Bg5 e6 15.Qe2 O-O
16.Ne7+ Kh8 17.Bxg6 hxg6 18.Qe4 Bxb2 19.Rab1 Ba3 20.Nxg6+ Kg7 21.Nxf8 Bxf8
22.Rb3 Qg6 23.Qe5+ Kg8 24.Rg3 d6 25.Qf4 e5 26.Qh4 Kf7 27.Rf3+ Kg8 28.Rf6  1-0

[Event "Antwerp op"]
[Site "Antwerp"]
[Date "1995.??.??"]
[Round "4"]
[White "Christiansen, Larry Mark"]
[Black "Van Mechelen, Jan"]
[Result "1-0"]
[WhiteElo "2590"]
[BlackElo "2360"]

1.c4 g6 2.e4 Bg7 3.d4 d6 4.Nc3 Nf6 5.Bd3 O-O 6.Nge2 c5 7.d5 e6 8.O-O exd5
9.cxd5 Na6 10.h3 Nc7 11.Ng3 Rb8 12.Bg5 b5 13.Rc1 Qd7 14.Qd2 b4 15.Nd1 Nb5
16.Bh6 Nd4 17.Bxg7 Kxg7 18.f4 Qe7 19.Nf2 Nh5 20.Nxh5+ gxh5 21.e5 Kh8 22.Ne4 Rg8
23.Ng5 h6 24.exd6 Qf6 25.Qd1 Bg4 26.Ne4 Qh4 27.hxg4 Rxg4 28.Rf2 Rbg8 29.Rxc5 Nf5
30.Bf1 Rxf4 31.d7 Rxe4 32.Rxf5 Re1 33.Rxh5 Qe4 34.Qd2  1-0

[Event "Antwerp op"]
[Site "Antwerp"]
[Date "1995.??.??"]
[Round "5"]
[White "Novikov, Igor A"]
[Black "Christiansen, Larry Mark"]
[Result "1-0"]
[WhiteElo "2580"]
[BlackElo "2590"]

1.d4 Nf6 2.c4 e6 3.Nf3 b6 4.g3 Bb4+ 5.Bd2 Bxd2+ 6.Qxd2 Bb7 7.Bg2 O-O 8.Nc3 Ne4
9.Qd3 Nxc3 10.Ng5 Ne4 11.Bxe4 Bxe4 12.Qxe4 Qxg5 13.Qxa8 Nc6 14.Qb7 Nxd4 15.Rd1 Qe5
16.e3 Nc2+ 17.Ke2 d5 18.Rd2 Qe4 19.Rc1 Nxe3 20.fxe3 Qg2+ 21.Kd1 Qh1+ 22.Kc2 Qe4+
23.Rd3 Qxc4+ 24.Rc3 Qe4+ 25.Kb3 c5 26.a3 h6 27.Ka2 Qa4 28.Rf1 Qb5 29.Rf2 a5
30.g4 a4 31.Qc7 d4 32.exd4 cxd4 33.Qc4 Qe5 34.Rd3 Rd8 35.Qxa4 Qe4 36.Rfd2 e5
37.h3 Qd5+ 38.Qb3 g6 39.Kb1 b5 40.Qb4 Rc8 41.Qe7 Qe4 42.Qd7 Rc6 43.Ka2 Rf6
44.Qe8+  1-0

[Event "Antwerp op"]
[Site "Antwerp"]
[Date "1995.??.??"]
[Round "7"]
[White "Giddins, Stephen"]
[Black "Christiansen, Larry Mark"]
[Result "0-1"]
[WhiteElo "2345"]
[BlackElo "2590"]

1.d4 Nf6 2.c4 e6 3.Nc3 Bb4 4.e3 O-O 5.Bd3 d5 6.Nf3 b6 7.O-O Bb7 8.a3 Bxc3
9.bxc3 dxc4 10.Bxc4 Nbd7 11.a4 c5 12.Ba3 Qc7 13.Be2 e5 14.c4 Rfe8 15.d5 e4
16.Nd2 Ne5 17.Bb2 Rad8 18.Re1 Bc8 19.Qb3 a5 20.f4 exf3 21.gxf3 Rd6 22.Kh1 Ba6
23.Qc3 Qd7 24.Rg1 Qf5 25.Rg2 Ng6 26.Bd3 Qh3 27.Bxg6 fxg6 28.Ne4 Rxe4 29.fxe4 Rd7
30.e5 Ne4 31.Qc2 Qxe3 32.e6 Re7 33.Rf1 Nd6 34.Rgf2 Nf5 35.Rf3 Qg5 36.Qe4 h6
37.Qe5 Bxc4 38.Rg1 Qh5 39.Rxf5 Qxf5 40.Qxf5 gxf5 41.Rd1 Rb7 42.Kg1 Kf8 43.Kf2 Ke8
44.h4 Bb3 45.Rg1 Bxd5 46.Rxg7 Rxg7 47.Bxg7 Bxe6 48.Bxh6 Kd7 49.Bf4 Bf7 50.Ke3 Kc6
51.Kd3 Bh5 52.Kc3 Bd1 53.Kb2 Kb7 54.Ka3 Ka6 55.Be3 c4 56.Bd2 Kb7 57.Bf4 Kc6
58.Kb2 Bh5 59.Kc3 Bf7 60.Kd4 b5 61.axb5+ Kxb5 62.Kc3 a4 63.Bc1 Kc5 64.Ba3+ Kd5
65.Kb4 f4 66.Bc1 Ke4 67.h5 f3  0-1

[Event "Antwerp op"]
[Site "Antwerp"]
[Date "1995.??.??"]
[Round "9"]
[White "Delemarre, Jop"]
[Black "Christiansen, Larry Mark"]
[Result "0-1"]
[WhiteElo "2320"]
[BlackElo "2590"]

1.d4 d6 2.c4 e5 3.Nf3 e4 4.Ng5 f5 5.Nh3 Be7 6.g3 Nf6 7.Nc3 c6 8.Nf4 g5 9.Ng2 h6
10.h4 Rg8 11.Bd2 Qb6 12.e3 Be6 13.b4 Nbd7 14.a4 Qd8 15.a5 Kf8 16.Be2 Kg7
17.Qa4 a6 18.Rb1 Nf8 19.Qa1 d5 20.c5 Bf7 21.Kd1 Ne6 22.Kc2 Bg6 23.Kb3 Qe8
24.hxg5 hxg5 25.Rbg1 Qf7 26.Qd1 Bd8 27.Bc1 Bc7 28.Rh3 Rh8 29.Rgh1 Rxh3 30.Rxh3 Rf8
31.Rh2 Qe8 32.Qh1 Rf7 33.Nd1 Qg8 34.Kc3 Rf8 35.Bd2 Kf7 36.Bc1 Qg7 37.Bd2 Ke7
38.Bc1 f4 39.gxf4 gxf4 40.Nh4 f3 41.Nxg6+ Qxg6 42.Rh6 Qxh6 43.Qxh6 fxe2 44.Kd2 exd1=Q+
45.Kxd1 Rg8 46.Qh3 Rg1+ 47.Kc2 Rg5 48.Qh8 Rg8 49.Qh3 Ng5 50.Qf5 Nf3 51.Bb2 Bh2
52.Bc1 Kf7 53.Kc3 Bc7 54.Bd2 Nh4 55.Qh3 Rg4 56.Bc1 Kg7 57.Bd2 Nf3 58.Bc1 Bh2
59.Bb2 Bg1 60.Qf1 Rg6  0-1

[Event "PCA/Intel-GP"]
[Site "New York"]
[Date "1995.??.??"]
[Round "1"]
[White "Jussupow, Artur"]
[Black "Christiansen, Larry Mark"]
[Result "0-1"]
[WhiteElo "2660"]
[BlackElo "2570"]

1.d4 e6 2.c4 Nf6 3.Nc3 Bb4 4.Bg5 h6 5.Bh4 c5 6.d5 b5 7.e3 Bb7 8.dxe6 fxe6
9.cxb5 O-O 10.Nf3 Qe8 11.Bxf6 Rxf6 12.a3 Bxc3+ 13.bxc3 d5 14.Be2 Nd7 15.O-O e5
16.e4 d4 17.Nd2 Kh8 18.cxd4 cxd4 19.Rc1 Qd8 20.Bd3 a6 21.a4 axb5 22.Bxb5 Nf8
23.Qh5 Ng6 24.g3 Qe7 25.Rc4 Raf8 26.Qe2 Bc8 27.f3 Bh3 28.Rfc1 Qa3 29.Kh1 h5
30.R4c2 h4 31.Bc4 Qxa4 32.f4 Ne7 33.Qh5+ Rh6 34.Qg5 Qd7 35.Nf3 Ng6 36.f5 hxg3
37.Qxg3 Bxf5 38.exf5 Qxf5 39.Rg2 Qxf3 40.Qg5 d3 41.Rg1 e4 42.Bd5 Rf5 43.Qd8+ Nf8
44.Bb7 Rxh2+  0-1

[Event "PCA/Intel-GP"]
[Site "New York"]
[Date "1995.??.??"]
[Round "1"]
[White "Christiansen, Larry Mark"]
[Black "Jussupow, Artur"]
[Result "1/2-1/2"]
[WhiteElo "2570"]
[BlackElo "2660"]

1.c4 e6 2.Nc3 Nf6 3.e4 d5 4.e5 d4 5.exf6 dxc3 6.bxc3 Qxf6 7.Nf3 e5 8.d4 exd4
9.Bg5 Qe6+ 10.Be2 f6 11.Nxd4 Qf7 12.Bh4 Bc5 13.O-O O-O 14.Re1 Na6 15.Bd3 c6
16.Re3 Nc7 17.Qc2 g6 18.Rae1 Bd7 19.Bg3 Na6 20.h4 Rae8 21.h5 Kg7 22.hxg6 hxg6
23.Qd2 Rxe3 24.Rxe3 Re8 25.Rxe8 Qxe8 26.Bh4 Bd6 27.Nb3 Qe7 28.f3 Nc5 29.Nxc5 Bxc5+
30.Kf1 Qd6 31.g4 Be6 32.Qe2 Bf7 33.Kg2 Qe6 34.Qxe6 Bxe6 35.Kf1 g5 36.Bg3 Kf7
37.Ke2 Ke7 38.Kd2 a5 39.a4 Kd7 40.Kc2 Bd6 41.Bf2 c5 42.Be3 b6 43.Bf2 Ke7
44.Kb3  1/2-1/2

[Event "San Francisco"]
[Site "San Francisco"]
[Date "1995.??.??"]
[Round "2"]
[White "Christiansen, Larry Mark"]
[Black "Gulko, Boris F"]
[Result "0-1"]
[WhiteElo "2570"]
[BlackElo "2595"]

1.d4 d5 2.c4 c6 3.Nc3 Nf6 4.Nf3 dxc4 5.a4 Bf5 6.e3 e6 7.Bxc4 Bb4 8.O-O Nbd7
9.Ne2 O-O 10.Ng3 Bg6 11.Nh4 c5 12.Nxg6 hxg6 13.Bb3 Rc8 14.d5 exd5 15.Bxd5 Nxd5
16.Qxd5 Qc7 17.e4 Rfd8 18.Bg5 Nf6 19.Qc4 Qe5 20.Bxf6 gxf6 21.Rad1 Qxb2 22.h4 Rd4
23.Qb5 Bc3 24.Ne2 Qxb5 25.axb5 Rxd1 26.Rxd1 Ba5 27.Rd7 Rc7 28.Rxc7 Bxc7 29.Kf1 f5
30.exf5 gxf5 31.Nc3 Kg7 32.Ke2 Be5 33.Nd5 a5 34.Kd3 Kg6 35.Kc4 Bd4 36.f3 Kh5
37.Ne7 f4 38.Nf5 a4 39.Nd6 Kxh4 40.Nxb7 Kg3 41.Nd6 Kxg2 42.b6 a3 43.b7 a2
44.b8=Q a1=Q 45.Kd5 Qa2+ 46.Nc4 Kxf3 47.Qc8 Qg2 48.Nd6 Ke3+ 49.Kc4 Qa2+ 50.Kb5 Qb3+
51.Ka5 Qe6 52.Qf8 f3 53.Nxf7 f2 54.Ng5 Qa2+ 55.Kb5 Qb1+  0-1

[Event "San Francisco"]
[Site "San Francisco"]
[Date "1995.??.??"]
[Round "6"]
[White "Christiansen, Larry Mark"]
[Black "Ashley, Maurice"]
[Result "1-0"]
[WhiteElo "2570"]
[BlackElo "2460"]

1.c4 e5 2.Nc3 Nf6 3.Nf3 Nc6 4.e4 Bb4 5.d3 d6 6.g3 Nd7 7.Bg2 Nf8 8.Nh4 Ne6
9.O-O O-O 10.Kh1 Bc5 11.Nd5 Ncd4 12.b4 Bb6 13.Nf5 c6 14.Nxb6 axb6 15.f4 f6
16.Bb2 c5 17.b5 Nxf5 18.exf5 Nc7 19.g4 exf4 20.d4 d5 21.dxc5 dxc4 22.cxb6 Nxb5
23.a4 Nd6 24.a5 Re8 25.Rxf4 Qe7 26.Rd4 Nf7 27.Rxc4 Bd7 28.Rc7 Rxa5 29.Rxa5 Qe1+
30.Qxe1 Rxe1+ 31.Bf1 Rxf1+ 32.Kg2 Re1 33.Rxd7  1-0

[Event "San Francisco"]
[Site "San Francisco"]
[Date "1995.??.??"]
[Round "8"]
[White "Christiansen, Larry Mark"]
[Black "Xie Jun"]
[Result "1/2-1/2"]
[WhiteElo "2570"]
[BlackElo "2555"]

1.c4 Nf6 2.Nc3 g6 3.e4 d6 4.d4 Bg7 5.Bd3 O-O 6.Nge2 Nc6 7.O-O Nd7 8.Be3 e5
9.d5 Nd4 10.Kh1 c5 11.Qd2 a6 12.Rab1 b5 13.cxb5 axb5 14.Nxb5 Nxb5 15.Bxb5 Rxa2
16.Nc3 Ra8 17.b4 cxb4 18.Rxb4 f5 19.f3 Nf6 20.Bc6 Ra6 21.exf5 gxf5 22.Bg5 Qe7
23.Rb8 Qa7 24.Rbb1 f4 25.Nb5 Qe7 26.Rfe1 Bf5 27.Rbc1 h6 28.Bxf4 Kh7 29.Nd4 Bg6
30.Ne6 Rb8 31.Be3 Ra3 32.Nxg7 Qxg7 33.Ra1 Rd3 34.Qf2 Rf8 35.Ra7 Rf7 36.Rxf7 Bxf7
37.Bb5 Rxd5 38.Bc4 Ra5 39.Qd2 Ra8 40.Bxf7 Qxf7 41.Qxd6 Re8 42.Bd2 Re6 43.Qd3+ Qg6
44.Qc4 Re7 45.Qh4 Rg7 46.Qf2 Rf7 47.Qe2 e4 48.Rf1 Rd7 49.Bc3 exf3 50.Qxf3 Ne4
51.Ba1 Rd2 52.Re1 Rd7 53.Qf8 Qe6 54.Rf1 Ra7 55.Bd4 Rd7 56.Qh8+ Kg6 57.Kg1 Kh5
58.Re1 Re7 59.h3 Kg6 60.Qf8 Qf7 61.Qc8 Qd5 62.Qa6+ Kh7 63.Qd3 Qf5 64.Rf1 Qg6
65.Rf8 Re8 66.Rf4 Ng5 67.Qb3 Re1+ 68.Kf2 Rb1 69.Qc4 Nxh3+ 70.gxh3 Qg1+ 71.Kf3 Rf1+
72.Ke2 Re1+ 73.Kd2 Rd1+ 74.Ke2 Re1+ 75.Kd3 Rd1+ 76.Ke2  1/2-1/2

[Event "Bern Cup"]
[Site "Bern"]
[Date "1996.??.??"]
[Round "1"]
[White "Zueger, Beat"]
[Black "Christiansen, Larry Mark"]
[Result "0-1"]
[WhiteElo "2465"]
[BlackElo "2580"]

1.c4 e5 2.g3 Nf6 3.Bg2 c6 4.d4 exd4 5.Qxd4 Na6 6.Nf3 Bc5 7.Qd1 O-O 8.Nc3 Re8
9.O-O d6 10.Na4 Bf5 11.a3 d5 12.Nxc5 Nxc5 13.Nd4 Bg6 14.b4 Nce4 15.c5 b6
16.Bb2 bxc5 17.bxc5 Rc8 18.Rc1 Qe7 19.a4 Ng4 20.Nf3 f6 21.Bd4 Bh5 22.Re1 Rb8
23.Nd2 Nexf2 24.Bxf2 Nxf2 25.Kxf2 Qe3+ 26.Kf1 Rb2 27.Rc2 Rxc2 28.Qxc2 Bxe2+
29.Rxe2 Qxe2+ 30.Kg1 Qe3+ 31.Kh1 Qf2  0-1

[Event "Bern Cup"]
[Site "Bern"]
[Date "1996.??.??"]
[Round "4"]
[White "Christiansen, Larry Mark"]
[Black "Gallagher, Joseph G"]
[Result "0-1"]
[WhiteElo "2580"]
[BlackElo "2525"]

1.d4 Nf6 2.c4 g6 3.Nc3 Bg7 4.e4 d6 5.Bd3 O-O 6.Nge2 Nc6 7.O-O Nh5 8.Be3 e5
9.d5 Ne7 10.Qd2 f5 11.exf5 gxf5 12.Bg5 f4 13.f3 Qd7 14.Bxe7 Qxe7 15.Qc2 Bh6
16.Rae1 Rf7 17.Ne4 Kh8 18.c5 Bg5 19.Nd4 Bh4 20.Nb5 Bxe1 21.Rxe1 a6 22.cxd6 Qh4
23.Qc3 axb5 24.Qxe5+ Rg7 25.Rc1 cxd6 26.Nxd6 Bd7 27.Nf7+ Kg8 28.Nh6+ Kf8
29.Re1 Re8 30.Qd6+ Rge7 31.Re5 Qf6 32.Qxf6+ Nxf6 33.Rg5 Rg7 34.h4 Ree7 35.Rxg7 Rxg7  0-1

[Event "Bern Cup"]
[Site "Bern"]
[Date "1996.??.??"]
[Round "5"]
[White "Sofrigin, Alexej"]
[Black "Christiansen, Larry Mark"]
[Result "0-1"]
[WhiteElo "2285"]
[BlackElo "2580"]

1.Nf3 d6 2.d4 Nf6 3.g3 g6 4.Bg2 Bg7 5.O-O O-O 6.c4 c6 7.Nc3 Qa5 8.d5 Qb4
9.Nd2 Bd7 10.Qb3 a5 11.a3 Qxb3 12.Nxb3 a4 13.Nd4 Nxd5 14.Nxc6 bxc6 15.cxd5 c5
16.Bg5 Re8 17.Rfb1 Na6 18.Be4 Nc7 19.Bd2 Reb8 20.Nd1 Ra7 21.Bc3 Rab7 22.Rc1 Nb5
23.Bxg7 Kxg7 24.e3 Nc7 25.Bf3 f5 26.h4 h6 27.Bg2 Kf6 28.Rc2 Rb3 29.Rac1 Bb5
30.Rd2 Be8 31.Rcc2 g5 32.hxg5+ hxg5 33.f4 Nb5 34.Bf3 Bf7 35.Be2 Nc7 36.Nc3 gxf4
37.gxf4 Rg8+ 38.Kf1 Rh8 39.Bc4 Rh1+ 40.Kg2 Ra1 41.Kf2 Rb8 42.Nxa4 Rg8 43.Nc3 Rh1
44.Ke2 Rg3 45.Kd3 Rhh3 46.Re2 Bh5 47.Re1 Bf3 48.Rf2 e6 49.dxe6 d5 50.Ba2 Kxe6
51.Kd2 Kd6 52.Ne2 Bxe2 53.Rexe2 Ne8 54.Bb1 Ke6 55.b4 Nd6 56.Bd3 c4 57.Bc2 d4
58.exd4+ Kd5 59.Kc1 Rxa3 60.Kb2 Ne4 61.Bxe4+ fxe4 62.f5 Rhb3+ 63.Kc1 e3 64.Rh2 Kxd4  0-1

[Event "Eupen op"]
[Site "Eupen"]
[Date "1996.??.??"]
[Round "?"]
[White "Mertens, Klaus"]
[Black "Christiansen, Larry Mark"]
[Result "0-1"]
[WhiteElo "1850"]
[BlackElo "2580"]

1.Nf3 c5 2.e3 g6 3.d4 Bg7 4.c4 Nf6 5.Nc3 O-O 6.Be2 d5 7.O-O cxd4 8.exd4 Be6
9.Ne5 dxc4 10.Bf3 Nd5 11.Re1 Na6 12.Qe2 Rc8 13.Bg5 Re8 14.a3 Nac7 15.h4 f6
16.h5 fxe5 17.hxg6 hxg6 18.Nxd5 Bxd5 19.Bg4 Ne6 20.Qe3 Qb6 21.Bh6 exd4 22.Qh3 Rc6
23.Bxg7 Kxg7 24.Re5 Nf4 25.Qh4 Rf6 26.Rae1 Qd6  0-1

[Event "Eupen op"]
[Site "Eupen"]
[Date "1996.??.??"]
[Round "?"]
[White "Christiansen, Larry Mark"]
[Black "Hickl, Joerg"]
[Result "1-0"]
[WhiteElo "2580"]
[BlackElo "2580"]

1.d4 d6 2.c4 e5 3.Nf3 Nd7 4.Nc3 Be7 5.Qc2 c6 6.c5 exd4 7.cxd6 Bxd6 8.Nxd4 Ne7
9.g3 Ne5 10.Bf4 N7g6 11.O-O-O Qe7 12.h4 Nxf4 13.gxf4 Ng4 14.e3 Bc5 15.Kb1 O-O
16.Bc4 Kh8 17.Nf3 f5 18.h5 Be6 19.Bxe6 Qxe6 20.Ng5 Qe7 21.Rhg1 Nh6 22.Rg3 Rad8
23.Rdg1 Bb4 24.a3 Ba5 25.Nf3 Rg8 26.Nd4 Qf7 27.Rg5 Rdf8 28.Nf3 Bd8 29.Ne5 Qe8
30.R5g2 Bf6 31.Ne2 Bxe5 32.fxe5 Qxe5 33.Nf4 Re8 34.Rg5 Re7 35.Rd1 Qf6 36.Rgg1 Ng4
37.Rd4  1-0

[Event "Bundesliga 9596"]
[Site "Germany"]
[Date "1996.??.??"]
[Round "?"]
[White "Pezerovic, Edin"]
[Black "Christiansen, Larry Mark"]
[Result "1/2-1/2"]
[WhiteElo "2405"]
[BlackElo "2580"]

1.Nf3 c5 2.c3 Nf6 3.d4 e6 4.Bf4 b6 5.Nbd2 Bb7 6.e3 Be7 7.Bd3 O-O 8.Qe2 Nc6
9.a3 d6 10.O-O Nh5 11.Bg3 Nxg3 12.hxg3 g6 13.Ba6 Qc8 14.Bxb7 Qxb7 15.Qd3 Rad8
16.Rfe1 d5 17.Ne5 Nxe5 18.dxe5 Qc7 19.Nf3 Rd7 20.e4 Rfd8 21.exd5 Rxd5 22.Qc4 Bf8
23.Re2 Bg7 24.Rae1 h6 25.Re4 Rd1 26.Re2 Qb7 27.Kh2 g5 28.g4 Qd5 29.Qxd5 R8xd5
30.Kg1 Rxe1+ 31.Rxe1 c4 32.Kf1 b5 33.Re4 a6 34.Ke2 Kf8 35.Re3 Ke7 36.Re4 Kd7
37.Re3 Kc7 38.Re4 Kb6 39.Ke1 Kc5 40.Ke2 a5 41.g3 Kb6 42.Ke1 Bf8 43.Ke2 Bc5
44.a4 Rd7 45.axb5 Kxb5 46.Nd2 Bxf2 47.Nxc4 Bxg3 48.Nd6+ Ka6 49.Nc4 Bf4 50.Rd4 Rxd4
51.cxd4 a4 52.Kd3 Ka7 53.Nd6 f6 54.Nb5+ Kb6 55.Nc3 fxe5 56.Nxa4+ Kc6 57.Ke4 exd4
58.Kxd4 Bd6 59.Kc4 Bf8 60.b4 Bxb4  1/2-1/2

[Event "SUI-chT"]
[Site "SUI"]
[Date "1996.??.??"]
[Round "2"]
[White "Christiansen, Larry Mark"]
[Black "Miralles, Gilles"]
[Result "1/2-1/2"]
[WhiteElo "2555"]
[BlackElo "2480"]

1.c4 e5 2.Nc3 Nf6 3.Nf3 Nc6 4.d4 exd4 5.Nxd4 Bb4 6.Bg5 h6 7.Bh4 O-O 8.Rc1 Re8
9.e3 d5 10.Nxc6 bxc6 11.Be2 Rb8 12.O-O Bxc3 13.bxc3 Bf5 14.cxd5 cxd5 15.c4 d4
16.exd4 Re4 17.Bg3 Rxd4 18.Qa4 Ne4 19.Qxa7 Nxg3 20.fxg3 Rb2 21.Bf3 Rdd2 22.Rcd1 Be6
23.Rxd2 Rxd2 24.Rb1 Kh7 25.a4 Bxc4 26.Qe3 Rd4 27.h4 c5 28.Qe5 Bd5 29.Qf5+ g6
30.Qe5 Bxf3 31.Rb8 Re4 32.Rxd8 Rxe5 33.gxf3 Re2 34.Rc8 Rc2  1/2-1/2

[Event "SUI-chT"]
[Site "SUI"]
[Date "1996.??.??"]
[Round "3"]
[White "Christiansen, Larry Mark"]
[Black "Siegel, Georg"]
[Result "1-0"]
[WhiteElo "2555"]
[BlackElo "2475"]

1.d4 d5 2.Bg5 c6 3.e3 Bf5 4.Nd2 Nd7 5.g4 Bg6 6.f4 f6 7.Bh4 Qb6 8.f5 Bf7 9.Bd3 e5
10.fxe6 Bxe6 11.Qf3 Nh6 12.h3 Qxb2 13.Rb1 Qa3 14.Ne2 Bb4 15.Nf4 Bf7 16.g5 fxg5
17.Bxg5 Nb6 18.Rg1 Be7 19.Bxh6 gxh6 20.Rg7 Rf8 21.Bf5 Bg6 22.Nxg6 hxg6 23.Rxg6 Rf6
24.Rxf6 Bxf6 25.Ke2 Ke7 26.c4 dxc4 27.Qe4+ Kf8 28.Rg1 Re8 29.Rg8+ Kxg8 30.Qxe8+ Qf8
31.Qg6+ Qg7 32.Qe8+ Qf8 33.Qh5 Bg7 34.Ne4 Qe7 35.Qg6 Nd5 36.Be6+ Kf8 37.Nc5 Nb6
38.Qh7 Qf6 39.Bxc4 Ke7 40.Qe4+ Kd8 41.Bb3 Bf8 42.Ne6+ Kd7 43.Qh7+ Be7 44.e4 a5
45.e5 Qh4 46.Qf5 a4 47.Bc2 Qg3 48.Be4 Qa3 49.Nc5+ Kd8 50.Nxb7+ Kc7 51.Qe6 Nd5
52.Bxd5 cxd5 53.Na5 Qxa2+ 54.Kf3 Bh4 55.Qd6+ Kc8 56.Qc6+ Kd8 57.Nb7+ Ke7
58.Qc7+ Kf8 59.Qc8+ Kg7 60.Qg4+ Kh7 61.Qf5+ Kg7 62.Qg4+ Kh7 63.Qxh4 Qb3+
64.Kf4 Qxb7 65.e6 a3 66.e7 Qb8+ 67.Kf5 a2 68.Qh5 Qb1+ 69.Ke6 Qe4+ 70.Kd7 a1=Q
71.Qf7+ Kh8 72.e8=Q+ Qxe8+ 73.Qxe8+ Kg7 74.Qe5+ Kg6 75.Qe6+ Kg5 76.Qxd5+ Kh4
77.Ke6 h5 78.Qe4+ Kxh3 79.Qf3+ Kh4 80.d5 Qa2 81.Kf5 Qa5 82.Qf4+ Kh3 83.Qd4 Qd8
84.d6 h4 85.d7 Kg2 86.Qe4+ Kg1 87.Qe8 Qa5+ 88.Kg4 h3  1-0

[Event "SUI-chT"]
[Site "SUI"]
[Date "1996.??.??"]
[Round "7"]
[White "Sutter, Oliver"]
[Black "Christiansen, Larry Mark"]
[Result "1/2-1/2"]
[WhiteElo "2335"]
[BlackElo "2555"]

1.d4 Nf6 2.c4 e6 3.Nf3 b6 4.g3 Ba6 5.b3 b5 6.cxb5 Bxb5 7.Nc3 Bb4 8.Bd2 Bc6
9.Bg2 O-O 10.a3 Bxc3 11.Bxc3 Be4 12.O-O d6 13.Rc1 Nbd7 14.Nd2 Bxg2 15.Kxg2 a5
16.Qc2 Ra6 17.Bb2 Qa8+ 18.Kg1 Rc8 19.e4 h6 20.Rfe1 d5 21.e5 Nh7 22.Re3 c5
23.dxc5 Rxc5 24.Rc3 Rac6 25.Rxc5 Rxc5 26.Qd1 Qa6 27.Nf3 Nhf8 28.Bd4 Rxc1
29.Qxc1 Qb5 30.Qc3 Ng6 31.Kg2 a4 32.bxa4 Qxa4 33.Qb4 Qxb4 34.axb4 Kf8 35.Kf1 Ke8
36.Ke2 Kd8 37.Kd2 Kc7 38.b5 h5 39.Kc3 f6 40.exf6 gxf6 41.Kb4 e5 42.Bb2 Ne7
43.h3 d4 44.g4 hxg4 45.hxg4 Nd5+ 46.Kc4 N5b6+ 47.Kb4 Nd5+ 48.Kc4 Kd6 49.Ba3+ Ke6
50.Nd2 N5b6+ 51.Kd3 Kd5 52.f3 Na4 53.Ne4 Nac5+ 54.Nxc5 Nxc5+ 55.Bxc5 Kxc5
56.f4 exf4 57.b6  1/2-1/2

[Event "Yerevan ol (Men)"]
[Site "Yerevan"]
[Date "1996.??.??"]
[Round "3"]
[White "Kasimdzhanov, Rustam"]
[Black "Christiansen, Larry Mark"]
[Result "1-0"]
[WhiteElo "2435"]
[BlackElo "2555"]

1.e4 e5 2.Bc4 Nf6 3.d3 c6 4.Nf3 d5 5.Bb3 Bb4+ 6.Bd2 Bxd2+ 7.Nbxd2 Nbd7 8.O-O O-O
9.Re1 Re8 10.d4 exd4 11.exd5 Rxe1+ 12.Qxe1 cxd5 13.Nxd4 Nc5 14.c3 Bd7 15.N2f3 Qb6
16.Qd2 Ba4 17.Qc2 Bxb3 18.axb3 Re8 19.b4 Nce4 20.Re1 g6 21.h3 Kg7 22.Qc1 a5
23.bxa5 Qxa5 24.Nh2 h5 25.Nhf3 Qc7 26.Nb5 Qb8 27.Qd1 Qf4 28.Qd4 Ra8 29.c4 dxc4
30.Nc3 Qd6 31.Nxe4 Qxd4 32.Nxd4 Nxe4 33.Rxe4 Ra1+ 34.Kh2 Ra2 35.Re2 h4 36.Nb5 Ra4
37.Nd6 Rb4 38.Re7 Rxb2 39.Rxf7+ Kh6 40.Nxc4 Re2 41.Ne3  1-0

[Event "Yerevan ol (Men)"]
[Site "Yerevan"]
[Date "1996.??.??"]
[Round "5"]
[White "Grivas, Efstratios"]
[Black "Christiansen, Larry Mark"]
[Result "1/2-1/2"]
[WhiteElo "2500"]
[BlackElo "2555"]

1.d4 d6 2.Nf3 Bg4 3.e4 Nf6 4.h3 Bh5 5.Qe2 c6 6.Nc3 e6 7.Bg5 Be7 8.g4 Bg6
9.Bxf6 Bxf6 10.h4 h5 11.g5 Be7 12.O-O-O Nd7 13.Qe3 O-O 14.Bd3 Qa5 15.Nd2 e5
16.f4 exf4 17.Qxf4 b5 18.Kb1 Rae8 19.Qg3 Nb6 20.Nb3 Qa6 21.d5 Na4 22.Nxa4 Qxa4
23.dxc6 Rc8 24.e5 Bxd3 25.Rxd3 dxe5 26.Qxe5 Rfe8 27.Nd4 Bf8 28.Qxb5 Qxb5
29.Nxb5 Rxc6 30.c3 Rb6 31.Nd4 Re4 32.Kc2 a5 33.b3 Bc5 34.Rh2 Kh7 35.Nf3 Rc6
36.Rg2 g6 37.Kd2 Rce6 38.Rd5 Bb6 39.a3 Rf4 40.Rd3 Rfe4 41.b4 Kg7 42.Nd4 Re8
43.Nf3 Be3+ 44.Kc2 Rf4 45.Rg3 a4 46.Rh3 Rg4 47.Rd6 Bf4 48.b5 Re3 49.Rd2 Bc7
50.Rd3 Re2+ 51.Rd2 Re3 52.Rd3 Re2+ 53.Nd2 Re7 54.Rd4 Rxd4 55.cxd4 Bd8 56.Nc4 Rb7
57.Nb2 Rxb5 58.Nxa4 Rd5 59.Kc3 f6 60.Nc5 fxg5 61.hxg5 Bxg5 62.Kc4 Rf5 63.a4 Rf1
64.a5 Ra1 65.a6 Kh6 66.Kb5 Bf6 67.Nb3 Ra2 68.Rf3 Kg5 69.d5 Be5 70.Rd3 Kf4
71.d6 h4 72.Na5 Bxd6 73.Rxd6 Rb2+ 74.Kc4 Rb8 75.Rxg6 h3 76.Rh6 Kg3 77.Nc6 Ra8
78.Kb5 h2 79.Nd4 Kg2 80.Rg6+ Kf2 81.Rf6+ Kg2 82.Rg6+ Kf2 83.Rf6+ Kg2 84.Rg6+  1/2-1/2

[Event "USA-ch G1"]
[Site "Chandler"]
[Date "1997.08.28"]
[Round "5"]
[White "Christiansen, Larry Mark"]
[Black "Browne, Walter S"]
[Result "1-0"]
[WhiteElo "2550"]
[BlackElo "2530"]

1.d4 Nf6 2.c4 e6 3.Nc3 Bb4 4.e3 c5 5.Ne2 cxd4 6.exd4 d5 7.a3 Be7 8.Nf4 Nc6
9.cxd5 Nxd5 10.Ncxd5 exd5 11.Bd3 O-O 12.O-O Bg5 13.Re1 h6 14.Bc2 g6 15.Bb3 Bf5
16.Be3 Ne7 17.Rc1 Qd6 18.Qd2 Rac8 19.g3 Be4 20.Ng2 Rxc1 21.Rxc1 Nf5 22.Bxg5 hxg5
23.Ne3 Nxe3 24.Qxe3 g4 25.Bd1 f5 26.Qh6 Re8 27.Be2 a6 28.Bf1 Rf8 29.Be2 Re8
30.Rc3 Bb1 31.Bf1 Be4 32.h3 gxh3 33.Bxh3 Bb1 34.Kh2 Be4 35.b4 b6 36.a4 Rf8
37.Kg1 f4 38.gxf4 b5 39.axb5 axb5 40.Rg3 Ra8 41.Bg2 Bf5 42.Re3 Kf7 43.Qh7+ Kf6
44.Qh4+  1-0

[Event "Bayer op"]
[Site "Leverkusen"]
[Date "1997.10.02"]
[Round "2"]
[White "Oparaugo, Thomas"]
[Black "Christiansen, Larry Mark"]
[Result "0-1"]
[WhiteElo "2140"]
[BlackElo "2550"]

1.e4 g6 2.d4 c6 3.Nc3 d6 4.f4 d5 5.e5 h5 6.Nf3 Nh6 7.Bd3 Bf5 8.Nh4 Bxd3 9.Qxd3 e6
10.Nxg6 fxg6 11.Qxg6+ Kd7 12.Qxh5 Be7 13.Ne2 Qg8 14.Qf3 Qg6 15.Kd1 Na6 16.Bd2 Rag8
17.Rg1 Nc7 18.h3 Nf5 19.Qd3 c5 20.c3 c4 21.Qc2 Qxg2 22.Rxg2 Rxg2 23.Qa4+ b5
24.Qxa7 Rxh3 25.a4 Rh1+ 26.Be1 Bh4 27.Kd2 Rhh2  0-1